| 000 | 00717nab a2200241 a 4500 | ||
|---|---|---|---|
| 001 | 58947 | ||
| 003 | 130671 | ||
| 005 | 20201118105557.0 | ||
| 008 | ||||||n9999 ||| || || | ||
| 041 | _aspa | ||
| 100 | _aWons, Abraham L. | ||
| 245 | 0 |
_aUn concepto fundamental de la contabilidad de inflacion: la conceptualizacion y medicion del capital : _bpp.9-17 |
|
| 260 |
_aBuenos Aires : _bContabilidad Moderna, _c1984. |
||
| 562 | _e0 | ||
| 650 | _aANALISIS TECNICO | ||
| 650 | _aCONTROL CONTABLE | ||
| 650 | _aEVALUACIÓN ECONÓMICA | ||
| 650 | _aINFLACIÓN | ||
| 650 | _aMETODOLOGÍAS | ||
| 650 | _aPROPUESTAS | ||
| 773 |
_053256 _aAdministracion de empresas - Vol.15 No.169 (1984) |
||
| 942 | _cSART | ||
| 999 |
_c58947 _d58947 |
||